| 000 | 00376nam a2200145Ia 4500 | ||
|---|---|---|---|
| 008 | 230917s9999||||xx |||||||||||||| ||und|| | ||
| 040 |
_e126362 _aMAIN |
||
| 041 | _aEnglish | ||
| 082 | _a820.9 R211T | ||
| 100 | _aRayan, Krishna | ||
| 245 | 0 | _aText and sub-text: Suggestion in literature | |
| 260 |
_aNew Delhi _bArnold-Heinemann _c1987 |
||
| 300 | _axi, 236 p. | ||
| 942 | _cBK | ||
| 999 |
_c60262 _d60262 |
||